A theory of forest dynamics : the ecological implications of forest succession models

Bibliographic Details
Main Author: SHUGART
Format: Book
Published: New York : Springer-Verlag , 1984
Subjects:

MARC

LEADER 00000cam a2200000 7i4500
001 0000002790
005 20040108.0
020 0 0 |a 0387960007 
090 0 0 |a 574.526420724   |b SHU 1984 
100 1 0 |a SHUGART   |h H. H. 
245 1 2 |a A theory of forest dynamics :   |b the ecological implications of forest succession models   |c Herman H. Shugart 
260 0 0 |a New York :   |b Springer-Verlag ,   |c 1984 
300 |a xiv, 278 p. :   |b ill. ;   |c 25 cm. 
500 0 0 |a Includes bibliography : p. [235]-267 and index 
650 0 0 |a Forest dynamics   |x Data processing 
650 0 0 |a Forest dynamics   |x Mathematical models 
650 0 0 |a Plant succession   |x Data processing 
650 0 0 |a Plant succession   |x Mathematical models 
998 |a JPSM 
999 |a 0000000210   |b Monograph   |c Open Shelf   |e Default branch